LEADER 02574nam 22006614a 450 001 9910450520003321 005 20200520144314.0 010 $a1-280-46689-8 010 $a9786610466894 010 $a1-4237-1209-9 010 $a90-474-0163-8 035 $a(CKB)1000000000032995 035 $a(EBL)253675 035 $a(OCoLC)191936083 035 $a(SSID)ssj0000249342 035 $a(PQKBManifestationID)11194275 035 $a(PQKBTitleCode)TC0000249342 035 $a(PQKBWorkID)10206142 035 $a(PQKB)10089181 035 $a(MiAaPQ)EBC253675 035 $a(Au-PeEL)EBL253675 035 $a(CaPaEBR)ebr10090515 035 $a(CaONFJC)MIL46689 035 $a(EXLCZ)991000000000032995 100 $a20030709d2003 uy 0 101 0 $aeng 135 $aur|n|---||||| 181 $ctxt 182 $cc 183 $acr 200 10$aSparks of the logos$b[electronic resource] $eessays in rabbinic hermeneutics /$fby Daniel Boyarin 210 $aLeiden ;$aBoston $cBrill$d2003 215 $a1 online resource (315 p.) 225 1 $aThe Brill reference library of Judaism,$x1566-1237 ;$vv. 11 300 $aDescription based upon print version of record. 311 $a90-04-12628-7 320 $aIncludes bibliographical references (p. [285]-292) and indexes. 327 $aCONTENTS; Foreword; Part I Midrashic Studies; Part II Diacritical Marks; List of Works Cited; Acknowledgement of Sources; Index of Names and Subjects; Index of Scripture and Ancient Sources 330 $aThis work covers the typological relation of rabbinic Judaism to Christianity, and provides a re-examination, by going back to the roots, of a rabbinic Judaism that would not manifest some of the deleterious social ideologies and practices that modern orthodox Judaism generally does. 410 0$aBrill reference library of Judaism ;$vv. 11. 606 $aMidrash$xHistory and criticism 606 $aHuman body$xReligious aspects$xJudaism 606 $aChristianity and other religions$xJudaism 606 $aJudaism$xRelations$xChristianity 608 $aElectronic books. 615 0$aMidrash$xHistory and criticism. 615 0$aHuman body$xReligious aspects$xJudaism. 615 0$aChristianity and other religions$xJudaism. 615 0$aJudaism$xRelations$xChristianity. 676 $a296.1/206 700 $aBoyarin$b Daniel$0281529 801 0$bMiAaPQ 801 1$bMiAaPQ 801 2$bMiAaPQ 906 $aBOOK 912 $a9910450520003321 996 $aSparks of the logos$92026925 997 $aUNINA LEADER 01473nam 2200433 450 001 9910809481803321 005 20210715145519.0 010 $a0-7618-6845-3 035 $a(CKB)3710000000921751 035 $a(MiAaPQ)EBC4730489 035 $a(EXLCZ)993710000000921751 100 $a20161111h20172017 uy 0 101 0 $aeng 135 $aurcnu|||||||| 181 $2rdacontent 182 $2rdamedia 183 $2rdacarrier 200 10$aAfrican religion defined $ea systematic study of ancestor worship among the Akan /$fAnthony Ephirim-Donkor 205 $aThird edition. 210 1$aLanham, Maryland :$cHamilton Books,$d2017. 210 4$dİ2017 215 $a1 online resource (267 pages) 311 $a0-7618-6844-5 327 $a1. Akan theology -- 2. The Abosom -- 3. Cosmology -- 4. Ancestor worship -- 5. Annual festivals -- 6. Ancestors' stool -- 7. Becoming a living ancestor -- 8. Witchcraft -- 9. Sacrifices. 606 $aAkan (African people)$xReligion 607 $aGhana$xReligious life and customs 607 $aCo?te d'Ivoire$xReligious life and customs 607 $aCo?te d'Ivoire$2fast 607 $aGhana$2fast 615 0$aAkan (African people)$xReligion. 676 $a299.683385 700 $aEphirim-Donkor$b Anthony$0662162 801 0$bMiAaPQ 801 1$bMiAaPQ 801 2$bMiAaPQ 906 $aBOOK 912 $a9910809481803321 996 $aAfrican religion defined$93940051 997 $aUNINA